Stres v práci manažéra bakalárska práca

Enregistré dans:
Détails bibliographiques
Auteur principal: Martinkovič, Maroš
Collectivité auteur: Fakulta podnikového manažmentu EU. Katedra manažmentu
Autres auteurs: Matkovčíková, Natália, 1982-
Format: Livre
Langue:slovaque
Publié: Bratislava 2018
Tags: Ajouter un tag
Pas de tags, Soyez le premier à ajouter un tag!

MARC

LEADER 00000nbm a2200000 4500
001 0244782
005 20180918144530.0
041 0 |a slo 
044 |a SK 
245 1 0 |a Stres v práci manažéra  |b bakalárska práca  |c Maroš Martinkovič ; školiteľ: Natália Matkovčíková 
264 1 |a Bratislava  |c 2018 
300 |a 57 s. 
100 1 |a Martinkovič, Maroš 
700 1 |a Matkovčíková, Natália, 1982- 
710 2 |a Fakulta podnikového manažmentu EU. Katedra manažmentu